Zlatan Ibrahimovic - Career Path - Statistics

General Stats
  • This quiz has been taken 81 times
  • The average score is 9 of 10
Answer Stats
Years Answer Price % Correct
2016-2018 Manchester United Free Transfer
94%
2012-2016 Paris Saint Germain €21.00m
94%
2019-2023 AC Milan Free Transfer
93%
2009-2011 Barcelona €69.50m
91%
2006-2009 Inter Milan €24.80m
90%
2004-2006 Juventus €16.00m
90%
2001-2004 Ajax €7.80m
88%
2011-2012 AC Milan €24.00m
82%
1999-2001 Malmö FF -
82%
2018-2019 LA Galaxy Free Transfer
78%
No matching quizzes found
Score Distribution
Percent of People with Each Score
Percentile by Number Answered
Your Score History
You have not taken this quiz